Ŭmak kwa munhwa / (Record no. 35339)

MARC details
000 -LEADER
fixed length control field 00737cam a22002411a 4500
001 - CONTROL NUMBER
control field k 63000415
003 - CONTROL NUMBER IDENTIFIER
control field DLC
005 - DATE AND TIME OF LATEST TRANSACTION
control field 20260227111524.0
008 - FIXED-LENGTH DATA ELEMENTS--GENERAL INFORMATION
fixed length control field 991101s1948 ko 000 0 kor
010 ## - LIBRARY OF CONGRESS CONTROL NUMBER
LC control number k 63000415
035 ## - SYSTEM CONTROL NUMBER
System control number (CStRLIN)DCLP99-B11576
040 ## - CATALOGING SOURCE
Original cataloging agency DLC
Transcribing agency DLC-R
050 00 - LIBRARY OF CONGRESS CALL NUMBER
Classification number ML60
Item number .I5
066 ## - CHARACTER SETS PRESENT
Alternate G0 or G1 character set $1
100 1# - MAIN ENTRY--PERSONAL NAME
Linkage 880-01
Personal name Im, Tong-hyŏk.
245 10 - TITLE STATEMENT
Linkage 880-02
Title Ŭmak kwa munhwa /
Statement of responsibility, etc. Im Tong-hyŏk chŏ.
260 ## - PUBLICATION, DISTRIBUTION, ETC.
Linkage 880-03
Place of publication, distribution, etc. Sŏul :
Name of publisher, distributor, etc. Tongbang Munhwasa,
Date of publication, distribution, etc. 1948.
300 ## - PHYSICAL DESCRIPTION
Extent 197 p. ;
Dimensions 18 cm.
650 #0 - SUBJECT ADDED ENTRY--TOPICAL TERM
Topical term or geographic name entry element Music
General subdivision History and criticism.
880 1# - ALTERNATE GRAPHIC REPRESENTATION
Linkage 100-01/$1
a 任 東.
880 10 - ALTERNATE GRAPHIC REPRESENTATION
Linkage 245-02/$1
a 音樂 과 文化 /
c 任 東 著.
880 ## - ALTERNATE GRAPHIC REPRESENTATION
Linkage 260-03/$1
a 서울 :
b 東邦 文化社,
c 1948.

No items available.

Powered by Koha